000
00283nam a2200109Ia 4500
008
200302s9999 xx 000 0 und d
100
_a
Helmut Jahn & Other
245
_a
Architecture Engineering
260
_b
Birkhauser-Publishers for Architecture
260
_c
2002
300
_a
263 P.,
999
_c
5211
_d
5211